000 00361nam a2200133 i 4500
001 bg
100 1 _aMICHALSKI, Antoni
245 0 _aNiektóre problemy syntezy sieci kombinacyjnych z komunikacją połączeń /
_cAntoni Michalski.
260 _aWarszawa,
_c1980.
040 _cBPK
041 _apol
942 _cKS
008 s pl f |000 0 pol
999 _c19214
_d19214
856 _uhttp://koha.tu.koszalin.pl/cgi-bin/koha/opac-detail.pl?biblionumber=19214
_yKatalog online BPK